|
|
|
|
| LEADER |
00887nam a2200265 a 4500 |
| 001 |
000167838 |
| 003 |
CZ BrMZK |
| 005 |
20040409141147.0 |
| 008 |
010907s1995 xr f cze d |
| 020 |
|
|
|a 80-85866-09-9
|
| 040 |
|
|
|a BOA001
|b cze
|
| 080 |
|
|
|a 502.7(083.133)
|2 MRF
|
| 080 |
|
|
|a 504.06(083.133)
|2 MRF
|
| 100 |
1 |
|
|a Tichotová, Přibyslava
|7 ola2003191799
|4 aut
|
| 245 |
1 |
0 |
|a Úplný přehled právních předpisů o ochraně životního prostředí.
|n [Díl 1] /
|c Přibyslava Tichotová
|
| 246 |
1 |
4 |
|a Úplný soubor právních předpisů o ochraně životního prostředí
|
| 250 |
|
|
|a 3. přepr. vyd.
|
| 260 |
|
|
|a Praha :
|b ISV,
|c 1995
|
| 300 |
|
|
|a 1 sv. (různé stránkování) ;
|c 25 cm
|
| 490 |
1 |
|
|a Právo
|
| 500 |
|
|
|a Průběž. aktualiz.
|
| 653 |
0 |
|
|a ekologie
|a ochrana životního prostředí
|
| 830 |
|
0 |
|a Právo (ISV)
|
| 910 |
|
|
|a BOA001
|b TK-0260.834/[1]
|
| 990 |
|
|
|a BK
|